| 000 | 01509nam a22002417a 4500 | ||
|---|---|---|---|
| 003 | DO-SdBJH | ||
| 005 | 20240823125534.0 | ||
| 008 | 210803b ||||| |||| 00| 0 spa d | ||
| 040 |
_aDO-SdBJH _bspa _cDO-SdBJH |
||
| 090 |
_aTG ANGM _b01633 2019 |
||
| 100 | 1 |
_aChireno Pérez, Henry _esustentante |
|
| 245 | 1 | 0 |
_aPropuesta para la optimización y modernización de los equipos de comunicaciones navales en la A.R.D. / _cHenry Chireno Pérez, Daniel Reynaldo Sánchez Reyes, asesores Feliz Ledesma, David Domínguez Castillo |
| 260 |
_aSanto Domingo Este : _bINSUDE, _c2019 |
||
| 300 | _a61 páginas | ||
| 502 | _aTrabajo de grado (Licenciado en Ciencias Navales). -- Instituto Superior para la Defensa (INSUDE). Academia Naval Marina de Guerra “Vicealmirante Cesar D’Windt Lavandier”, 2019 | ||
| 504 | _aIncluye referencias bibliográficas e índices | ||
| 505 | _aRol y función de la división de comunicaciones navales M-6 y del centro de operaciones marítimas (COM) M-3. -- Equipos de comunicación utilizados en la división de comunicaciones navales M-6 y el centro de operaciones marítimas. -- Propuesta para la optimización y modernización en la Armada de República Dominicana | ||
| 700 | 1 |
_aSánchez Reyes, Daniel Reynaldo _esustentante |
|
| 700 | 1 |
_aFeliz Ledesma _easesor |
|
| 700 | 1 |
_aDomínguez Castillo, David _easesor |
|
| 830 | _aINSUDE. Academia Naval Marina de Guerra “Vicealmirante Cesar D’Windt Lavandier”. Tesis y disertaciones académicas | ||
| 942 |
_2CL _cT |
||
| 999 |
_c6400 _d6400 |
||